[Event "Oberliga Nord O 0304"]
[Site "Germany"]
[Date "2004.02.15"]
[Round "6.5"]
[White "Horn, Sven"]
[Black "Kauschmann, Herbert"]
[Result "1/2-1/2"]
[WhiteElo "2109"]
[BlackElo "2183"]
[PlyCount "121"]
[EventDate "2003.10.12"]
[EventType "team-tourn"]
[EventRounds "9"]
[EventCountry "GER"]
[SourceTitle "EXT 2005"]
[Source "ChessBase"]
[SourceDate "2004.11.15"]
[SourceVersion "1"]
[SourceVersionDate "2004.11.15"]
[SourceQuality "1"]
[WhiteTeam "Lasker Steglitz"]
[BlackTeam "Rehberge"]
[WhiteTeamCountry "GER"]
[BlackTeamCountry "GER"]

1. e4 g6 2. d4 Bg7 3. Nf3 d6 4. h3 a6 5. Bd3 c5 6. d5 b5 7. 0-0 Nd7 8. Re1 Ngf6 9. a4 bxa4 10. Nc3 0-0 11. Nxa4 Qc7 12. Nd2 e6 13. Nc4 Rb8 14. Bf4 e5 15. Bd2 Ne8 16. Ba5 Qa7 17. Bd8 Bf6 18. Ba5 Be7 19. Qd2 Nc7 20. Kh1 Nb5 21. f4 Bh4 22. Rf1 Bg3 23. fxe5 Nxe5 24. Nxe5 Bxe5 25. c3 Qe7 26. Qh6 Bd7 27. Nb6 Bg7 28. Qf4 Rb7 29. Nc4 f5 30. exf5 Bxf5 31. Qg3 Bxd3 32. Qxd3 Qh4 33. Rxf8+ Bxf8 34. Rf1 Rf7 35. Rxf7 Kxf7 36. Qe2 Qf6 37. Nd2 Qf5 38. Qf3 Bh6 39. Qxf5+ gxf5 40. Nf3 Bc1 41. b3 Bb2 42. c4 Nd4 43. Nxd4 cxd4 44. Kg1 Bc3 45. Bc7 d3 46. Kf2 Bb4 47. Ke3 d2 48. Ke2 f4 49. Bb6 Kf6 50. Bd8+ Ke5 51. Bb6 Ke4 52. Bf2 Ba5 53. Bh4 Kd4 54. Bf6+ Ke4 55. Bg5 Bc3 56. Be7 Bb4 57. Bg5 Kf5 58. Be7 Ke4 59. Bg5 Ke5 60. Bh6 Ke4 61. Bg5 1/2-1/2

[Event "Oberliga Nord O 0304"]
[Site "Germany"]
[Date "2004.01.18"]
[Round "5.5"]
[White "Kauschmann, Herbert"]
[Black "Chatzidakis, Mihail"]
[Result "0-1"]
[WhiteElo "2183"]
[BlackElo "2246"]
[PlyCount "80"]
[EventDate "2003.10.12"]
[EventType "team-tourn"]
[EventRounds "9"]
[EventCountry "GER"]
[SourceTitle "EXT 2005"]
[Source "ChessBase"]
[SourceDate "2004.11.15"]
[SourceVersion "1"]
[SourceVersionDate "2004.11.15"]
[SourceQuality "1"]
[WhiteTeam "Rehberge"]
[BlackTeam "Neukoelln II"]
[WhiteTeamCountry "GER"]
[BlackTeamCountry "GER"]

1. f4 d5 2. Nf3 Nf6 3. g3 g6 4. Bg2 Bg7 5. e3 c5 6. d3 Nc6 7. c3 0-0 8. Qc2 d4 9. cxd4 cxd4 10. e4 Nb4 11. Qd2 Qc7 12. Na3 a5 13. 0-0 Be6 14. Nb5 Qb6 15. a4 Rac8 16. Qd1 Nc2 17. f5 gxf5 18. exf5 Bxf5 19. Rb1 Ng4 20. Nh4 Nge3 21. Qe2 Bg4 22. Bf3 Be6 23. Bxe3 Nxe3 24. Rfc1 Bb3 25. Na3 Bxa4 26. Be4 e6 27. Ng2 f5 28. Bf3 Bh6 29. Rxc8 Rxc8 30. Nxe3 Bxe3+ 31. Kg2 Bb3 32. Kh3 Qa6 33. g4 Rc7 34. Kg2 fxg4 35. Be4 e5 36. Nc4 Bg5 37. Bd5+ Kh8 38. Rf1 Qh6 39. Kh1 b5 40. Nb6 Rc2 0-1

[Event "Oberliga Nord O 0304"]
[Site "Germany"]
[Date "2003.10.12"]
[Round "1.5"]
[White "Kauschmann, Herbert"]
[Black "Syre, Christian"]
[Result "0-1"]
[WhiteElo "2183"]
[BlackElo "2252"]
[PlyCount "56"]
[EventDate "2003.10.12"]
[EventType "team-tourn"]
[EventRounds "9"]
[EventCountry "GER"]
[SourceTitle "EXT 2005"]
[Source "ChessBase"]
[SourceDate "2004.11.15"]
[SourceVersion "1"]
[SourceVersionDate "2004.11.15"]
[SourceQuality "1"]
[WhiteTeam "Rehberge"]
[BlackTeam "Oberschoeneweide"]
[WhiteTeamCountry "GER"]
[BlackTeamCountry "GER"]

1. e4 c6 2. Nc3 d6 3. d4 Qc7 4. f4 Nd7 5. Nf3 b5 6. e5 Nb6 7. Bd3 Nh6 8. Ne4 Bf5 9. Neg5 e6 10. Bxf5 exf5 11. 0-0 Be7 12. Qd3 g6 13. b3 0-0 14. c4 bxc4 15. bxc4 Rad8 16. e6 f6 17. Nh3 Qc8 18. d5 Qa6 19. dxc6 d5 20. Nf2 dxc4 21. Qe2 Rd6 22. Be3 Rxc6 23. Nd4 Rd6 24. g4 Rfd8 25. Rad1 Nd5 26. Qe1 Nxe3 27. Qxe3 Qb6 28. Nc2 Rxd1 0-1

[Event "Berlin Lichtenberger Sommer 2nd"]
[Site "Berlin"]
[Date "2003.08.24"]
[Round "9.18"]
[White "Hahlbohm, Matthias"]
[Black "Kauschmann, Herbert"]
[Result "1/2-1/2"]
[WhiteElo "1958"]
[BlackElo "2114"]
[PlyCount "112"]
[EventDate "2003.08.16"]
[EventType "swiss"]
[EventRounds "9"]
[EventCountry "GER"]
[SourceTitle "EXT 2022"]
[Source "ChessBase"]
[SourceDate "2021.10.06"]
[SourceVersion "1"]
[SourceVersionDate "2021.10.06"]
[SourceQuality "1"]

1. e4 g6 2. d4 Bg7 3. c3 d6 4. Be3 Nf6 5. f3 Nc6 6. Bb5 a6 7. Ba4 b5 8. Bc2 e5 9. d5 Na5 10. Nd2 0-0 11. g4 Bd7 12. Ne2 c6 13. dxc6 Bxc6 14. Ng3 d5 15. g5 Nd7 16. h4 d4 17. Bf2 Nb6 18. Nb3 Nxb3 19. axb3 Qd6 20. Qe2 a5 21. Kf1 f6 22. Kg2 f5 23. Bd3 fxe4 24. Nxe4 Qd7 25. c4 b4 26. Bg3 Rf7 27. h5 Qe7 28. hxg6 hxg6 29. Rh3 Raf8 30. Rf1 Bd7 31. Rhh1 Bf5 32. Ra1 Ra8 33. Rh4 Nd7 34. Rah1 a4 35. Ra1 a3 36. bxa3 Rxa3 37. Rxa3 bxa3 38. Rh1 Qb4 39. Rb1 Nf8 40. Qa2 Ra7 41. c5 Ne6 42. Be1 Nf4+ 43. Kg3 Qb7 44. b4+ Kf8 45. b5 Nxd3 46. c6 Qe7 47. b6 Bxe4 48. bxa7 Qxg5+ 49. Kh2 Bxc6 50. Rb8+ Ke7 51. Qxa3+ Kd7 52. Qxd3 e4 53. fxe4 Be5+ 54. Bg3 Qh4+ 55. Kg1 Bxg3 56. Qc2 Bh2+ 1/2-1/2

[Event "Berlin Lichtenberger Sommer 2nd"]
[Site "Berlin"]
[Date "2003.08.21"]
[Round "6.23"]
[White "Kauschmann, Herbert"]
[Black "Salzberg, Gregor"]
[Result "1-0"]
[WhiteElo "2114"]
[BlackElo "1964"]
[PlyCount "39"]
[EventDate "2003.08.16"]
[EventType "swiss"]
[EventRounds "9"]
[EventCountry "GER"]
[SourceTitle "EXT 2022"]
[Source "ChessBase"]
[SourceDate "2021.10.06"]
[SourceVersion "1"]
[SourceVersionDate "2021.10.06"]
[SourceQuality "1"]

1. e4 e6 2. d4 d5 3. e5 c5 4. c3 Nc6 5. Nf3 Nge7 6. a3 cxd4 7. cxd4 Nf5 8. Nc3 Be7 9. b4 Bd7 10. Bb2 Rc8 11. Be2 f6 12. 0-0 0-0 13. Rc1 fxe5 14. dxe5 Kh8 15. Qd2 Nh6 16. Nb5 Nf7 17. Bd3 a6 18. Nd6 Nxd6 19. exd6 Bxd6 20. Qh6 1-0

[Event "Berlin Lichtenberger Sommer 2nd"]
[Site "Berlin"]
[Date "2003.08.17"]
[Round "2.21"]
[White "Kauschmann, Herbert"]
[Black "Bruening, Wolfgang"]
[Result "1-0"]
[WhiteElo "2114"]
[BlackElo "1920"]
[PlyCount "77"]
[EventDate "2003.08.16"]
[EventType "swiss"]
[EventRounds "9"]
[EventCountry "GER"]
[SourceTitle "EXT 2022"]
[Source "ChessBase"]
[SourceDate "2021.10.06"]
[SourceVersion "1"]
[SourceVersionDate "2021.10.06"]
[SourceQuality "1"]

1. e4 c6 2. Nc3 d5 3. d3 d4 4. Nb1 e5 5. f4 exf4 6. Bxf4 Bd6 7. Bxd6 Qxd6 8. Nd2 Be6 9. Ngf3 Nd7 10. c3 dxc3 11. bxc3 f6 12. d4 Ne7 13. Qc2 Ng6 14. Bc4 Bxc4 15. Nxc4 Qe6 16. Ne3 0-0 17. 0-0 Rfe8 18. Nd2 b5 19. a4 a6 20. c4 Nb6 21. axb5 axb5 22. Rxa8 Rxa8 23. d5 cxd5 24. cxd5 Qd7 25. Nf5 Ne5 26. Qb3 Nbc4 27. Nxc4 bxc4 28. Qg3 Ra2 29. h3 Ra8 30. Kh2 Ng6 31. Rb1 Ne5 32. Qe3 g6 33. Nd4 Qd6 34. Kh1 Rc8 35. Rb7 Nf7 36. Nc6 Ra8 37. Rb1 Rc8 38. Qa7 Ne5 39. Ne7+ 1-0

[Event "Berlin Lichtenberger Sommer 2nd"]
[Site "Berlin"]
[Date "2003.08.16"]
[Round "1.24"]
[White "Schneider, Miloca"]
[Black "Kauschmann, Herbert"]
[Result "0-1"]
[WhiteElo "1794"]
[BlackElo "2114"]
[PlyCount "44"]
[EventDate "2003.08.16"]
[EventType "swiss"]
[EventRounds "9"]
[EventCountry "GER"]
[SourceTitle "EXT 2022"]
[Source "ChessBase"]
[SourceDate "2021.10.06"]
[SourceVersion "1"]
[SourceVersionDate "2021.10.06"]
[SourceQuality "1"]

1. d4 g6 2. c4 Bg7 3. Nc3 c5 4. e3 Nf6 5. Nf3 b6 6. Be2 Bb7 7. 0-0 0-0 8. d5 d6 9. e4 Nbd7 10. Nd2 a6 11. f4 e6 12. Nf3 exd5 13. exd5 Re8 14. Bd3 b5 15. Ng5 bxc4 16. Bxc4 Nb6 17. Bb3 c4 18. Bc2 h6 19. Nge4 Nxe4 20. Nxe4 Nxd5 21. Qd2 Qb6+ 22. Kh1 f5 0-1